000 01146ntm a2200301 a 4500
001 75571
003 BD-RjUL
005 20211209082718.0
008 190427s2017 bg a|||| bm|| 00| 0 eng d
035 _a(BD-RjUL)75789
040 _aBD-RjUL
_beng
_cBD-RjUL
_dBD-RjUL
041 _aeng
082 _223
_a006.31
_bHAM 2017
100 1 _aHasan, Md. Al Mehedi
_9231230
245 1 0 _aMultiple Kernel Learning and its application in Bioinformatics /
_cSubmitted by Md. Al Mehedi Hasan
_6Supervisor: Shamim Ahmad
260 _aRajshahi :
_bDepartment of Computer Science and Engineering, R. U. ,
_c2017
300 _axvi, 163 leaves :
_bIll. ;
_c30 cm.
502 _aThesis (Ph. D.) -- Department of Computer Science and Engineering, R. U. , 2017
504 _aBibliography: leaves 150-163
650 _aKernel functions
_9153378
650 _aMachine learning
_9231231
650 _aSupport vector machines
_9231232
650 _aBioinformatics
_9231233
650 _aComputational biology
_9231234
650 _aIntrusion detection systems (Computer security)
_9231235
700 _aAhmad, Shamim, Supervisor
_9231236
942 _2ddc
_cTHE
999 _c75571
_d75571